书目信息 |
| 题名: |
三国演义研究集
|
|
| 作者: | ;社会科学研究丛书编辑部 , 四川省社会科学院文学研究所 编 | |
| 分册: | ||
| 出版信息: | 成都 四川省社会科学院出版社 1983 |
|
| 页数: | 446页 | |
| 开本: | 21cm | |
| 丛书名: | ||
| 单 册: | ||
| 中图分类: | I207.4 | |
| 科图分类: | ||
| 主题词: | 传奇小说 , 小说--文学研究--中国 | |
| 电子资源: | ||
| ISBN: | ||
| 000 | 00949nam0 2200277 45 | |
| 001 | 0183007100 | |
| 005 | 20050330142015.4 | |
| 010 | @dCNY1.90 | |
| 091 | @aCN@b10316.2 | |
| 100 | @a19950226d1983 emky0chiy0121 ea | |
| 101 | 0 | @achi |
| 102 | @aCN@b510000 | |
| 105 | @ay z 000yy | |
| 200 | 10 | @a三国演义研究集@Asan guo yan yi yan jiu ji@f《社会科学研究丛书》编辑部四川省社会科学院文学研究所同编辑@F《She Hui Ke Xue Yan Jiu Cong Shu》Bian Ji Bu Si Chuan Sheng She Hui Ke Xue Yuan Wen Xue Yan Jiu Suo Tong Bian Ji |
| 210 | @a成都@c四川省社会科学院出版社@d1983 | |
| 215 | @a446页@d21cm | |
| 300 | @a《社会科学研究丛刊》之二十一 | |
| 605 | @a三国演义-文学研究@x文集 | |
| 606 | @a传奇小说 | |
| 606 | 0 | @a小说@x文学研究@y中国 |
| 690 | @aI207.4@v3 | |
| 711 | 02 | @a社会科学研究丛书编辑部@4编 |
| 711 | 02 | @a四川省社会科学院文学研究所@4编 |
| 801 | 0 | @aCN@b上海图书馆@c20050329 |
| 801 | 2 | @aCN@bNLC@c20050329 |
| 905 | @f1@b173762@dI207.4@e182 | |
| 三国演义研究集/《社会科学研究丛书》编辑部四川省社会科学院文学研究所同编辑.-成都:四川省社会科学院出版社,1983 |
| 446页;21cm |
| 《社会科学研究丛刊》之二十一 |
| ISBN :CNY1.90 |
| ● |
| 相关链接 |
|
|
|
|
正题名:三国演义研究集
索取号:I207.4/182
 
预约/预借
| 序号 | 登录号 | 条形码 | 馆藏地/架位号 | 状态 | 备注 |
| 1 | 0173762 | 001984507 | 第二借阅区/ [索取号:I207.4/182] | 在馆 | |
| 2 | 0173763 | 000549829 | 第二借阅区/ [索取号:I207.4/182] | 在馆 | |
| 3 | 0173764 | 000549810 | 第一样本阅览室/ [索取号:I207.4/182] | 在馆 | |
| 4 | 0176425 | 000549838 | 第二借阅区/ [索取号:I207.4/182] | 在馆 | |
| 5 | 0213487 | 000549883 | 第二借阅区/ [索取号:I207.4/182] | 在馆 |